| 000 | 00799nam a22002297a 4500 | ||
|---|---|---|---|
| 003 | SISC | ||
| 005 | 20160823101408.0 | ||
| 008 | 141009b xxu||||| |||| 00| 0 eng d | ||
| 020 | _a9789719800873 | ||
| 050 |
_aHB 171.5 _b.M44 2014 |
||
| 100 | _aManapat, Carlos L. | ||
| 245 |
_aEconomics, taxation, and agrarian reform / _cCarlos L. Manapat, Raymundo Julio A. Olaguer, and Fernando R. Pedrosa. |
||
| 250 | _aRevised edition. | ||
| 260 |
_aQuezon City, Philippines : _bC & E Publishing, Inc., _c2014. |
||
| 300 |
_a269 pages : _billustrations ; _c26 cm. |
||
| 500 | _aIncludes glossary, bibliographical references and index. | ||
| 521 | _aBusiness Administration | ||
| 650 |
_aLand reform _xPhilippines. |
||
| 650 |
_aTaxation _xPhilippines. |
||
| 650 | _aEconomics. | ||
| 942 |
_2lcc _cBK _kLOC |
||
| 999 |
_c276054 _d276054 |
||